000 00823nam a2200265Ia 4500
003 GCL
008 140319s9999 xx 000 0 ara d
040 _aGCL /
_cGCL
082 0 4 _a355.12
_bح م
100 1 _aحسين سرمك حسن
245 1 0 _aالمشكلات النفسية لاسرى الحرب وعائلاتهم /
_cحسين سرمك حسن
260 _a[S.N] :
_bمكتبة مدبولى ،
_c1995
300 _a198 ص
490 _a
650 0 4 _aالرعاية الصحية
650 0 4 _aالقانون الدولى
650 0 4 _aالعلوم الحربية
650 0 4 _aالحرب النفسية
650 0 4 _aالرعاية
650 0 4 _aتبادل اسرى الحرب
650 0 4 _aاسرى الحرب
650 0 4 _aتعذيب
650 0 4 _aالصليب الاحمر
942 _2ddc
_cBK
999 _c35930
_d35930